• 首页
  • 本馆介绍
  • 公告通知
  • 最新文献
  • 馆藏检索
  • 电子资源
  • 读者导购
  • 参考咨询
  • 我的图书馆
  • 登录
  • 详细信息显示
  • 放入我的书架
  • 预约/预借图书
  • 作者相关作品
  • 分类相关作品
  • 丛书相关作品
  • 出版社相关作品

书目信息

  • 表格格式
  • 工作单格式
  • 卡片格式
题名:
设施果树栽培
    
 
作者: 郭大龙 编著
分册:  
出版信息: 北京   科学出版社  2018.03
页数: 332页
开本: 26cm
丛书名:
单 册:
中图分类: S628
科图分类:
主题词: 果树园艺--设施农业
电子资源:
ISBN: 978-7-03-056489-4
000 01015nam0 2200229 450
001 4688
005 20181012155507.30
010    @a978-7-03-056489-4@dCNY168.00
100    @a20180513d2018 em y0chiy50 ea
101 0  @achi
102    @aCN@b110000
105    @aa z 000yy
200 1  @a设施果树栽培@9she shi guo shu zai pei@f郭大龙编著
210    @a北京@c科学出版社@d2018.03
215    @a332页@c图@d26cm
300    @a现代生物农业·园艺
330    @a本书在总结设施果树栽培研究成果和开发进展的基础上,阐述了近年来设施果树栽培科研和生产实践的最新进展,系统介绍了现有设施果业发展中应用广泛的技术和方法,以及设施果树栽培的理论知识和技术。具体包括:设施果树栽培的发展历史和现状,生产特点,所用设施的结构,设施内部小环境的调控,设施果树栽培的关键技术,草莓、葡萄、桃、樱桃、香蕉、火龙果和枣的设施栽培,盆栽果树栽培,设施果树立体栽培和设施果树异地栽培等内容。
606 0  @a果树园艺@x设施农业
690    @aS628@v5
701  0 @a郭大龙@9guo da long@4编著
801  0 @aCN@b91MARC@c20180513
905    @aMuseLib@dS628@e479
    
    设施果树栽培/郭大龙编著.-北京:科学出版社,2018.03
    332页:图;26cm
    现代生物农业·园艺
    
    ISBN 978-7-03-056489-4:CNY168.00
    本书在总结设施果树栽培研究成果和开发进展的基础上,阐述了近年来设施果树栽培科研和生产实践的最新进展,系统介绍了现有设施果业发展中应用广泛的技术和方法,以及设施果树栽培的理论知识和技术。具体包括:设施果树栽培的发展历史和现状,生产特点,所用设施的结构,设施内部小环境的调控,设施果树栽培的关键技术,草莓、葡萄、桃、樱桃、香蕉、火龙果和枣的设施栽培,盆栽果树栽培,设施果树立体栽培和设施果树异地栽培等内容。
●
相关链接 在E读中查询图书 在五车中查询图书 在当当中查询图书 在豆瓣中查询图书


正题名:设施果树栽培     索取号:S628/479         预约/预借

序号 登录号 条形码 馆藏地/架位号 状态 备注
1 1126211   211262113   第二样本阅览室/ [索取号:S628/479] 在馆    
2 1126212   211262122   第三借阅区/ [索取号:S628/479] 在馆    
唐山师范学院图书馆 欢迎您!
大连网信软件有限公司© 版权所有